The arts of Shinto
Shinto, the 'Way of the Gods', is the religion of Japan preceding the arrival of Buddhism from Korea during the 6th century AD. Central to Shinto beliefs are the ''kami,'' animistic gods perceived in all aspects of nature. This book, documenting a unique major exhibitio...
Na minha lista:
| Autor principal: | |
|---|---|
| Formato: | Livro |
| Idioma: | Undetermined |
| Publicado em: |
New York
Weartherhill
1973
|
| Assuntos: | |
| Tags: |
Adicionar Tag
Sem tags, seja o primeiro a adicionar uma tag!
|
| Thư viện lưu trữ: | Trung tâm Học liệu Trường Đại học Cần Thơ |
|---|
| LEADER | 01318nam a2200193Ia 4500 | ||
|---|---|---|---|
| 001 | CTU_108196 | ||
| 008 | 210402s9999 xx 000 0 und d | ||
| 082 | |a 704.948 | ||
| 082 | |b G11 | ||
| 100 | |a Kageyama, Haruki | ||
| 245 | 4 | |a The arts of Shinto | |
| 245 | 0 | |c Haruki Kageyama; Translated and adapted with an introd. by Christine Guth | |
| 260 | |a New York | ||
| 260 | |b Weartherhill | ||
| 260 | |c 1973 | ||
| 520 | |a Shinto, the 'Way of the Gods', is the religion of Japan preceding the arrival of Buddhism from Korea during the 6th century AD. Central to Shinto beliefs are the ''kami,'' animistic gods perceived in all aspects of nature. This book, documenting a unique major exhibition from Japan, begins with a wide-ranging intro. to Shinto which traces its role in Japanese culture. Each of its 5 sections opens with an authoritative essay from an international scholar. Includes: masks, ceramics, mirrors, bells, sculpture, paintings, lacquer, ceremonial clothing, swords & armor. Some are National Treasures, rarely removed from their shrines, & many have never before been seen outside Japan. They offer a fascinating insight into the sacred art of ancient Japan. 100s of color illustrations | ||
| 650 | |a Shinto art | ||
| 904 | |i Hạ Nguyên | ||
| 980 | |a Trung tâm Học liệu Trường Đại học Cần Thơ | ||